مكتبة جامعة عجلون الوطنية

فهرس بحث المكتبة

Normal view MARC view
  • تأليف مراد، ظريف رمضان؛ تقديم محمد محمود ابراهيم الديب

Entry Personal Name

Number of records used in: 1

001 - CONTROL NUMBER

  • control field: 62183

003 - CONTROL NUMBER IDENTIFIER

  • control field: JO-AjAnu

005 - DATE AND TIME OF LATEST TRANSACTION

  • control field: 20230606084146.0

008 - FIXED-LENGTH DATA ELEMENTS

  • fixed length control field: 230606|| aca||aabn | a|a d

040 ## - CATALOGING SOURCE

  • Original cataloging agency: JO-AjAnu
  • Transcribing agency: JO-AjAnu

100 ## - HEADING--PERSONAL NAME

  • Personal name: تأليف مراد، ظريف رمضان؛ تقديم محمد محمود ابراهيم الديب

670 ## - SOURCE DATA FOUND

  • Source citation: Work cat.: (JO-AjAnu)31714: تأليف مراد، ظريف رمضان؛ تقديم محمد محمود ابراهيم الديب, author, دراسة في التراث الجغرافي العربي: ابن حوقل ومنهجه الجغرافي تحقيق ودراسة لجغرافية مصر من كتاب (صورة الارض)